| 000 | 00483nam a22001817a 4500 | ||
|---|---|---|---|
| 005 | 20180726143334.0 | ||
| 008 | 160616b xxu||||| |||| 00| 0 eng d | ||
| 020 | _a81-07808-572-0 | ||
| 041 | _aeng | ||
| 082 |
_b8005 _a658.3 |
||
| 100 |
_aHersey, Paul and others _94634 |
||
| 245 | _aMANAGEMENT OF ORGANIZATION BEHAVIOUR:leading human reasources | ||
| 250 | _a8th ed. | ||
| 260 |
_aDelhi _bpearson education _c2005 |
||
| 300 | _a479p, | ||
| 650 |
_aManagement _9241 |
||
| 942 | _cBK | ||
| 999 |
_c2974 _d2973 |
||